Estructura y funcionamiento del Cabildo de Quito 1534 - 1551
Salvato in:
| Autore principale: | |
|---|---|
| Ente Autore: | |
| Natura: | testo |
| Pubblicazione: |
Quito :
|
| Tags: |
Aggiungi Tag
Nessun Tag, puoi essere il primo ad aggiungerne!!
|
MARC
| LEADER | 00000 a a2200000 04500 | ||
|---|---|---|---|
| 001 | 24373 | ||
| 003 | |||
| 040 | |||
| 090 | |a 172700 | ||
| 100 | |a Landázuri Camacho, Carlos | ||
| 110 | |a Corporación de Estudios y Publicaciones | ||
| 245 | |a Estructura y funcionamiento del Cabildo de Quito 1534 - 1551 | ||
| 260 | |a Quito : | ||
| 300 | |a pp. 565-591 | ||
| 500 | |a Separata de Anuario histórico juridico ecuatoriano, vol. 6 | ||
| 999 | |c 10773 |d 10773 | ||
